000 00716cam a22002651 4500
001 sa 67002180
003 DLC
005 20260227112329.0
008 911114s1965 ii 000 0 hino
010 _asa 67002180
035 _a(OCoLC)24783352
040 _aDLC
_cWaU
_dDLC
041 0 _ahinrajurd
042 _apremarc
043 _aa-ii---
_aa-pk---
050 0 0 _aPK5434
_b.S3
100 0 _aSaṃhitā,
_cBīkaner, India.
245 1 0 _aVijaya hamārī hai.
260 _c[1965]
300 _a3, 288 p.
_c19 cm.
500 _aHindi, Urdu or Rajasthani.
500 _aIncludes biographical sketches of the contributors.
650 0 _aIndia-Pakistan Conflict, 1965
_vPoetry.
650 0 _aIndic poetry.
999 _c73096
_d73096